000
00304nam a22001337a 4500
008
260326b ||||| |||| 00| 0 eng d
020
_a
995105028
041
_a
Shqip
080
_a
821.18
100
_a
25
101
_a
Histori
245
_a
Luftëtarët Vriten në Paqe
_c
Faruk Myrta
942
_2
udc
_c
BK
999
_c
60942
_d
60942